| 000 | 00903cac a22003011i 4500 | ||
|---|---|---|---|
| 003 | EG-ScBUE | ||
| 005 | 20230117141558.0 | ||
| 008 | 080803r19951992enkao f 001 0 eng d | ||
| 020 | _a1850296871 | ||
| 020 | _a9781850296874 | ||
| 040 |
_aDLC _beng _erda _cEG-ScBUE _dEG-ScBUE |
||
| 082 | 0 | 4 |
_a747 _bGIL _222 |
| 100 | 1 |
_99 _aGilliatt, Mary, _eauthor. |
|
| 245 | 1 | 0 |
_aIntroduction to decorating / _cMary Gilliatt. |
| 250 | _aReprinted edition. | ||
| 264 | 1 |
_aLondon : _bConran Octupus Limited, _c1995. |
|
| 300 |
_a144 pages : _bcolor illustrations, photographs ; _c25 cm |
||
| 336 |
_2rdacontent _atext _btxt |
||
| 337 |
_2rdamedia _aunmediated _bn |
||
| 338 |
_2rdacarrier _avolume _bnc |
||
| 500 | _aIncludes index. | ||
| 590 | _ayassmeen ashraf | ||
| 650 | 7 |
_aInterior decoration. _2BUEsh |
|
| 651 | _2BUEsh | ||
| 653 | _bART | ||
| 655 | _vReading book | ||
| 942 |
_2ddc _cBB |
||
| 999 |
_c10051 _d10051 |
||